Zungunga / (Record no. 477)

MARC details
000 -LÍDER
campo de controle de tamanho fixo 01287nam a22002654a 4500
001 - NÚMERO DE CONTROLE
campo de controle 477
003 - IDENTIFICADOR DO NÚMERO DE CONTROLE
campo de controle OSt
005 - DATA E HORÁRIO DA ÚLTIMA TRANSAÇÃO
campo de controle 20250902142001.0
008 - CAMPO DE DADOS FIXOS--INFORMAÇÃO GERAL
campo de controle de tamanho fixo 250902b |||||||| |||| 00| 0 eng d
040 ## - FONTE DA CATALOGAÇÃO
Idioma da catalogação por
041 ## - CÓDIGO DE IDIOMA
Código do idioma do original e/ou traduções intermediárias do texto por
082 04 - CDD - CLASSIFICAÇÃO DECIMAL DE DEWEY
Número de Classificação 028.5
Número do exemplar A554z
100 1# - ENTRADA PRINCIPAL--NOME PESSOAL
Nome pessoal Andrade, Floro Freitas de,
Datas associadas ao nome 1933-
9 (RLIN) 1027
245 10 - TÍTULO
Título Zungunga /
Indicação de responsabilidade, etc. Floro Freitas de Andrade ; ilustração Rogério Borges
260 ## - PUBLICAÇÃO, DISTRIBUIÇÃO, ETC.
Local de publicação, distribuição, etc. São Paulo :
Nome do editor, distribuidor, etc. Melhoramentos,
Data da publicação, distribuição, etc. 1986
300 ## - DESCRIÇÃO FÍSICA
Extensão 79p. :
Outros detalhes físicos il. ;
520 ## - NOTA DE RESUMO, ETC.
Resumo, etc. Com vigor narrativo e imaginação, Floro Freitas de Andrade centraliza a ação de Zungunga, na trajetória de Zelito, um jovem pobre e mulato, que não apenas se depara com dificuldades econômicas, mas precisa igualmente superar as relações conflitantes entre e com os pais.<br/>O autor alerta para o fato de os personagens serem pura ficção mas, dentro dele, eles aconteceram com tamanha profusão de detalhes, de tal modo nítido e vivos, que, de tão bem sonhados, é possível que eles se tenham feito carne, podendo ser encontrados por aí.
650 ## - ASSUNTO--TERMO TÓPICO
Cabeçalho tópico ou nome geográfico Literatura Brasileira
9 (RLIN) 205
650 ## - ASSUNTO--TERMO TÓPICO
Cabeçalho tópico ou nome geográfico Infantojuvenil
9 (RLIN) 200
650 #0 - ASSUNTO--TERMO TÓPICO
Cabeçalho tópico ou nome geográfico Ficção e realidade
9 (RLIN) 1028
655 #0 - TERMO DE ÍNDICE--GÊNERO E FORMA
Gênero/forma/ou termo foco Romance
655 #0 - TERMO DE ÍNDICE--GÊNERO E FORMA
Gênero/forma/ou termo foco Ficção
700 1# - ENTRADA ADICIONADA - NOME PESSOAL
Nome pessoal Borges, Rogério,
Datas associadas ao nome 1951-
Função do autor por extenso Ilustrador
9 (RLIN) 1029
942 ## - ELEMENTOS DE ENTRADA ADICIONADOS (KOHA)
Fonte de classificação ou esquema de arquivamento Classificação decimal de Dewey
Ocultar no OPAC Não
Tipo de material Koha Livros
Holdings
Situação do descarte Situação das perdas Fonte de classificação ou esquema de arquivamento Status danificado Não pode ser emprestado Coleção Biblioteca de origem Biblioteca atual Localização na estante Data de aquisição Fonte de aquisição Total de empréstimos Número de chamada completo Código de barras Data de último acesso Data do preço efetivo Tipo de material Koha
    Classificação decimal de Dewey     Ficção Biblioteca Professor Eduardo Afonso de Castro Biblioteca Professor Eduardo Afonso de Castro Infanto Juvenil 02.09.2025 doação   028.5 / A554z 2025-17410 02.09.2025 02.09.2025 Livros

Powered by Koha